<?xml version="1.0" encoding="UTF-8"?><record xmlns="http://www.loc.gov/MARC21/slim" xmlns:zs="http://docs.oasis-open.org/ns/search-ws/sruResponse">
  <leader>03784nam a22004573i 4500</leader>
  <controlfield tag="001">22061722</controlfield>
  <controlfield tag="005">20250607105742.0</controlfield>
  <controlfield tag="006">m    |o  d |      </controlfield>
  <controlfield tag="007">cr |||||||||||</controlfield>
  <controlfield tag="008">210525s1577    xx |||||o|||||||| ||nah  </controlfield>
  <datafield ind1=" " ind2=" " tag="035">
    <subfield code="a">22061722</subfield>
  </datafield>
  <datafield ind1=" " ind2=" " tag="906">
    <subfield code="a">0</subfield>
    <subfield code="b">ibc</subfield>
    <subfield code="c">orignew</subfield>
    <subfield code="d">u</subfield>
    <subfield code="e">ncip</subfield>
    <subfield code="f">20</subfield>
    <subfield code="g">y-gencatlg</subfield>
  </datafield>
  <datafield ind1=" " ind2=" " tag="955">
    <subfield code="a">LCAP batch update 2025-06-02-04:00: LCAPM-988</subfield>
  </datafield>
  <datafield ind1=" " ind2=" " tag="010">
    <subfield code="a">  2021667854</subfield>
  </datafield>
  <datafield ind1=" " ind2=" " tag="035">
    <subfield code="a">(WDL)10620</subfield>
  </datafield>
  <datafield ind1=" " ind2=" " tag="040">
    <subfield code="a">DLC</subfield>
    <subfield code="b">eng</subfield>
    <subfield code="c">DLC</subfield>
  </datafield>
  <datafield ind1=" " ind2=" " tag="041">
    <subfield code="a">nah</subfield>
    <subfield code="a">spa</subfield>
  </datafield>
  <datafield ind1=" " ind2=" " tag="080">
    <subfield code="a">380</subfield>
  </datafield>
  <datafield ind1=" " ind2=" " tag="080">
    <subfield code="a">972</subfield>
  </datafield>
  <datafield ind1="0" ind2="0" tag="245">
    <subfield code="a">General History of the Things of New Spain by Fray Bernardino de Sahagún: The Florentine Codex. Book IX: The Merchants.</subfield>
  </datafield>
  <datafield ind1="3" ind2="1" tag="246">
    <subfield code="a">Libro nono de los mercaderes, officiales de oro, y piedras preciosas, y pluma rica</subfield>
  </datafield>
  <datafield ind1=" " ind2=" " tag="260">
    <subfield code="a">[place of publication not identified] :</subfield>
    <subfield code="b">[publisher not identified],</subfield>
    <subfield code="c">1577.</subfield>
  </datafield>
  <datafield ind1=" " ind2=" " tag="300">
    <subfield code="a">1 online resource.</subfield>
  </datafield>
  <datafield ind1=" " ind2=" " tag="336">
    <subfield code="a">text</subfield>
    <subfield code="b">txt</subfield>
    <subfield code="2">rdacontent</subfield>
  </datafield>
  <datafield ind1=" " ind2=" " tag="337">
    <subfield code="a">computer</subfield>
    <subfield code="b">c</subfield>
    <subfield code="2">rdamedia</subfield>
  </datafield>
  <datafield ind1=" " ind2=" " tag="338">
    <subfield code="a">online resource</subfield>
    <subfield code="b">cr</subfield>
    <subfield code="2">rdacarrier</subfield>
  </datafield>
  <datafield ind1=" " ind2=" " tag="500">
    <subfield code="a">Title devised, in English, by Library staff.</subfield>
  </datafield>
  <datafield ind1=" " ind2=" " tag="500">
    <subfield code="a">Original resource extent: Bound as part of volume 2. Ink on paper ; 310 x 212 millimeters.</subfield>
  </datafield>
  <datafield ind1="4" ind2=" " tag="510">
    <subfield code="a">Reference extracted from World Digital Library: Biblioteca Medicea Laurenziana, The World of the Aztecs in the Florentine Codex, (Mandragora: 2007).</subfield>
  </datafield>
  <datafield ind1=" " ind2=" " tag="520">
    <subfield code="a">Historia general de las cosas de nueva España (General history of the things of New Spain) is an encyclopedic work about the people and culture of central Mexico compiled by Fray Bernardino de Sahagún (1499--1590), a Franciscan missionary who arrived in Mexico in 1529, eight years after completion of the Spanish conquest by Hernan Cortés. Commonly referred to as the Florentine Codex, the manuscript consists of 12 books devoted to different topics. Book IX is about merchants, officials responsible for gold and precious stones, and feather working. The pochteca (merchants) were an important group in Aztec society. They undertook long journeys in search of precious commodities and goods, and they were valued for the information they gathered in the lands they visited, which the Aztecs often used to plan wars of conquest. Pack animals and the wheel were unknown in Mesoamerica, so goods were carried on foot by tlameme (porters), who placed their loads in a cacaxtli (wooden frame), which was supported by a cord that went around the porter's shoulders and forehead. Folio 316r contains an illustration showing porters with their loads. Arte plumario (feather art) was one of the minor arts practiced in pre-Columbian Mesoamerica. Feather-art products were reserved for the Aztec elite-the king, nobles, priests, and warriors-who wore items such as cloaks, fans, and headdresses principally for ceremonies. Folio 370r has an illustration showing artisans at work on a headdress. Also discussed in Book IX is smoking, which the Mesoamericans did during banquets and religious ceremonies, using both pipes that were filled with herbs and grasses or by smoking cigars made by rolling up tobacco leaves. Smoking is depicted on folio 336r.</subfield>
  </datafield>
  <datafield ind1="1" ind2=" " tag="535">
    <subfield code="3">Original resource at:</subfield>
    <subfield code="a">Medicea Laurenziana Library, Florence.</subfield>
  </datafield>
  <datafield ind1=" " ind2=" " tag="546">
    <subfield code="a">Content in Coatepec Nahuatl and Spanish.</subfield>
  </datafield>
  <datafield ind1="0" ind2=" " tag="588">
    <subfield code="a">Description based on data extracted from World Digital Library, which may be extracted from partner institutions.</subfield>
  </datafield>
  <datafield ind1=" " ind2="0" tag="653">
    <subfield code="a">1300 to 1577</subfield>
  </datafield>
  <datafield ind1=" " ind2="0" tag="653">
    <subfield code="a">Aztecs</subfield>
    <subfield code="a">Clothing and dress</subfield>
    <subfield code="a">Codex</subfield>
    <subfield code="a">Florentine Codex</subfield>
    <subfield code="a">Indians of Mexico</subfield>
    <subfield code="a">Indigenous peoples</subfield>
    <subfield code="a">Merchants</subfield>
    <subfield code="a">Mesoamerica</subfield>
    <subfield code="a">Smoking</subfield>
  </datafield>
  <datafield ind1=" " ind2=" " tag="720">
    <subfield code="a">Sahagún, Bernardino de, 1499-1590</subfield>
    <subfield code="e">Creator.</subfield>
  </datafield>
  <datafield ind1=" " ind2=" " tag="752">
    <subfield code="a">Mexico</subfield>
  </datafield>
  <datafield ind1="0" ind2=" " tag="773">
    <subfield code="t">Florentine Codex</subfield>
  </datafield>
  <datafield ind1="4" ind2="0" tag="856">
    <subfield code="d">gdcwdl</subfield>
    <subfield code="f">wdl_10620</subfield>
    <subfield code="u">https://hdl.loc.gov/loc.wdl/wdl.10620</subfield>
  </datafield>
  <datafield ind1=" " ind2=" " tag="985">
    <subfield code="a">wdl/wdlpartner/wdllaurentian</subfield>
  </datafield>
  <datafield ind1=" " ind2=" " tag="991">
    <subfield code="b">s-Online</subfield>
    <subfield code="h">Electronic Resource</subfield>
  </datafield>
</record>
